Programa desarrollado de ciencias naturales, geografía, historia y civismo para 1er. Año.

Saved in:
Bibliographic Details
Main Author: Trejo Hernández, Eva
Format: Book
Language:Spanish
Published: México, D. F. Editorial Herrero, S. A. [s. a.]
Edition:14a. ed.
Textbook Catalogue:MANES:  Library Catalog Search Result
Textbook Classification:
Tags: Add Tag
No Tags, Be the first to tag this record!
Added to:2019-06-12
Changed in:2019-06-13

MARC

LEADER 00000nam a22000007a 4500
005 20190613232546.0
008 190613b xxu||||| |||| 00| 0 spa d
040 |a centro_manes  |c universidad_colima 
100 |9 23213  |a Trejo Hernández, Eva 
245 |a Programa desarrollado de ciencias naturales, geografía, historia y civismo para 1er. Año. 
250 |a 14a. ed. 
260 |a México, D. F.  |b Editorial Herrero, S. A.  |c [s. a.] 
300 |a 56 p.  |c 16 cm  |e Ils. 
500 |a Aparece: Francisco Ziga, "Bibliografía Pedagógica. Libros de texto para enseñanza primaria: 1850-1970 VII y VIII. "Libros de Ciencias Naturales. Lecciones y Nociones de Cosas." en Boletín del Instituto de Investigaciones Bibliográficas 1981-1982, Biblioteca Nacional, Hemeroteca Nacional, Universidad Nacional Autónoma de México, Nos. 18 - 19, p. 390. 
690 0 |a CN 
691 0 |a PRI 
942 |2 ddc  |c BK 
999 |c 85488  |d 85488 
999 |c manes:85488  |d 85488